| 000 | 00514nam a2200217Ia 4500 | ||
|---|---|---|---|
| 008 | 210210b1999 xxu||||| |||| 00| 0 eng d | ||
| 020 | _a8173711879 | ||
| 041 | _aeng | ||
| 082 | _a925 MAKL | ||
| 100 | _aMAKERS of modern science | ||
| 245 | _aLinus pauling: scientist and advocate | ||
| 260 |
_aHyderabad _bUniversities Press _c1999 |
||
| 300 | _a173 | ||
| 650 | _ascientist | ||
| 650 | _apauling | ||
| 650 | _aLinus | ||
| 650 | _aand | ||
| 650 | _aadvocate | ||
| 690 | _aBiography | ||
| 906 | _a063092 | ||
| 999 |
_c132796 _d132796 |
||